00484nam a2200133Ia 4500008004100000100002100041245003200062260006900094300001100163650001600174856006800190999001900258952007300277160712s9999 xx 000 0 und d aVictoria, Eliza. cEliza VictoriaaThe Seventh c2015bLikhaan: The Journal of Contemporary Philippine Literature avol. 9 xSHORT STORY uhttp://journals.upd.edu.ph/index.php/lik/issue/view/539/showToc c297111d297111 001040aCLbCLd2016-07-12l0r2016-07-12 00:00:00w2016-07-12yFEJ